02319cam a2200337 i 4500003000900000005001700009007000300026008004100029020001500070040003100085082002300116100006000139245005200199264007100251264001000322300002500332336002700357337003300384338002800417490002700445500007500472520102000547586004101567590002701608650003901635650006101674910001401735942001401749952020101763999001701964DO-SdBNP20240625101104.0ta240625s2003 cu 000 f spa d a9592600732 aDO-SdBNPcspadBNPHU erda a070.44bC3469i2221 aCastaño Hoyos, José Alejandrod1972-eautor 98578213aLa isla de Morgan /cJosé Alejandro Castaño 1aLa Habana, Cuba :bFondo Editorial Casa de las Américas, c2003. 3c2018. a92 páginasc19 cm. 2rdacontentatextobtxt 2rdamediaasin mediaciónbn 2rdacarrieravolumenbnc1 aLiteratura Testimonial aIncluye datos biografícos del autor en la solapa dela contraportada. aLa ciudad tiene mil caras, en sus calles, sus rostros y sus escenarios, se ocultan también mil historias. La isla de Morgan es un relato sobre una de esas realidades que pocos conocen a fondo: Las cuevas de Barrio Triste, escenario de una de las más grandes tragedias sociales de los últimos años en Medellín. En su estilo testimonial, que no teme llamar a las cosas por su nombre, José Alejandro Castaño, escritor, cronista y periodista Colombiano, nos narra una historia que en muchos momentos parece sacada de la ficción más retorcida. Injusticia social, discriminación, abandono e insensibilidad, son sólo algunas de las realidades que allí se ilustran, por lo cual es un libro no recomendado para quienes huyen de la cara más dura de lo real. Los escenarios, acontecimientos y personajes se presentan en la historia de una forma muy cinematográfica, llevando al lector del repudio a la ternura, de la risa al asombro, de la misma manera que si estuviese sentado en una sala de cine. aPremio Casa de las Américas, 2003. aInventariado, 2024/ YL14aCrónicas Periodísticas 98578514aVida cotidiana zMedellín [Antioquia, Colombia]985786 aYLockward 2ddccLBS1 00102ddc56708GRaBNPHUbBNPHUcCTd2014-06-02eDonación l0o070.44 C3469ip2024-3698r2024-06-25w2024-06-25yLBS1zPerteneció a la biblioteca personal de Chiqui Vicioso/Fidelio Despradel c56961d56961